Communication for the Classroom Teacher. (Record no. 2787)
[ view plain ]
| 000 -LEADER | |
|---|---|
| fixed length control field | 00565nam a22002057a 4500 |
| 003 - CONTROL NUMBER IDENTIFIER | |
| control field | OSt |
| 005 - DATE AND TIME OF LATEST TRANSACTION | |
| control field | 20151202171417.0 |
| 008 - FIXED-LENGTH DATA ELEMENTS--GENERAL INFORMATION | |
| fixed length control field | 151202b xxu||||| |||| 00| 0 eng d |
| 020 ## - INTERNATIONAL STANDARD BOOK NUMBER | |
| International Standard Book Number | 0205359558 |
| 040 ## - CATALOGING SOURCE | |
| Transcribing agency | DDC. |
| 082 ## - DEWEY DECIMAL CLASSIFICATION NUMBER | |
| Classification number | 371.10 COO2003 |
| 100 ## - MAIN ENTRY--PERSONAL NAME | |
| Personal name | Cooper,J. Pamela;Simonds,J.Cheri; |
| 9 (RLIN) | 6452 |
| 245 ## - TITLE STATEMENT | |
| Title | Communication for the Classroom Teacher. |
| 250 ## - EDITION STATEMENT | |
| Edition statement | 7th ed. |
| 260 ## - PUBLICATION, DISTRIBUTION, ETC. (IMPRINT) | |
| Place of publication, distribution, etc. | Boston,New York; |
| Name of publisher, distributor, etc. | A and B; |
| Date of publication, distribution, etc. | 2003. |
| 300 ## - PHYSICAL DESCRIPTION | |
| Extent | xv,334p; |
| Other physical details | ill; |
| Dimensions | 23cm |
| 504 ## - BIBLIOGRAPHY, ETC. NOTE | |
| Bibliography, etc | Index and references are included. |
| 650 ## - SUBJECT ADDED ENTRY--TOPICAL TERM | |
| Topical term or geographic name as entry element | Education. |
| 9 (RLIN) | 1404 |
| 942 ## - ADDED ENTRY ELEMENTS (KOHA) | |
| Source of classification or shelving scheme | Dewey Decimal Classification |
| Koha item type | Short Loan |
| Withdrawn status | Lost status | Source of classification or shelving scheme | Damaged status | Not for loan | Home library | Current library | Date acquired | Source of acquisition | Inventory number | Total Checkouts | Full call number | Barcode | Date last seen | Price effective from | Koha item type |
|---|---|---|---|---|---|---|---|---|---|---|---|---|---|---|---|
| Dewey Decimal Classification | MUST Main Library | MUST Main Library | 02/12/2015 | 04/21800 | 371.10 COO2003 | 2015-2896 | 02/12/2015 | 02/12/2015 | Short Loan | ||||||
| Dewey Decimal Classification | MUST Main Library | MUST Main Library | 30/01/2020 | Purchase | 2005/23031 | 371.10 COO2003 | 2020-0238 | 30/01/2020 | 30/01/2020 | Open Shelf | |||||
| Dewey Decimal Classification | MUST Main Library | MUST Main Library | 04/02/2020 | Purchase | 2005/23033 | 371.10 COO2003 | 2020-0308 | 04/02/2020 | 04/02/2020 | Open Shelf |
